Ходатайства возбужденные Постоянным комитетом Всероссийских электротехнических съездов. Вып. 2: Ходатайства по докладам третьего съезда (Запись № 11976642)

Подробности
000 -МАРКЕР
контрольное поле 01384nam2a2200253 4500
001 - ИДЕНТИФИКАТОР ЗАПИСИ
контрольное поле RU\NLR\BIBL_A\012117732
005 - ИДЕНТИФИКАТОР ВЕРСИИ
контрольное поле 20260408081132.0
035 ## - ДРУГИЕ СИСТЕМНЫЕ НОМЕРА
Идентификатор записи (NLR Aleph) 012117732
100 ## - ДАННЫЕ ОБЩЕЙ ОБРАБОТКИ
Данные общей обработки 20191011d1905 |||y0rusy50 ca
101 0# - ЯЗЫК РЕСУРСА
Язык текста, звукозаписи и т.д. русский
102 ## - СТРАНА ПУБЛИКАЦИИ ИЛИ ПРОИЗВОДСТВА
Страна публикации Российская Федерация
105 ## - ПОЛЕ КОДИРОВАННЫХ ДАННЫХ: ТЕКСТОВЫЕ МАТЕРИАЛЫ, МОНОГРАФИЧЕСКИЕ
Кодированные данные о монографическом текстовом документе y|||z|||100zy
200 1# - ЗАГЛАВИЕ И СВЕДЕНИЯ ОБ ОТВЕТСТВЕННОСТИ
Основное заглавие Ходатайства по докладам третьего съезда
210 ## - ПУБЛИКАЦИЯ, РАСПРОСТРАНЕНИЕ И ДР.
Дата издания, распространения и т.д. 1905
Место издания, распространения и т.д. Б. м.
215 ## - ФИЗИЧЕСКАЯ ХАРАКТЕРИСТИКА
Специфическое обозначение материала и объем 49, [1] с.
Другие сведения о физической характеристике табл.
320 ## - ПРИМЕЧАНИЯ О НАЛИЧИИ В ДОКУМЕНТЕ БИБЛИОГРАФИИ / УКАЗАТЕЛЯ
Текст примечания Библиогр. в подстроч. примеч.
461 #0 - УРОВЕНЬ НАБОРА
Встроенное поле 001RU\NLR\BIBL_A\012117722
-- 2001#$aХодатайства возбужденные Постоянным комитетом Всероссийских электротехнических съездов$vВып. 2
Системный номер (АБИС) связанной записи 11976602
Место публикации С.-Петербург
Дата публикации 1902
Имя издателя, распространителя и т.д. Постоянный комитет Всероссийских электротехнических съездов
Заглавие Ходатайства возбужденные Постоянным комитетом Всероссийских электротехнических съездов
Номер тома Вып. 2
711 12 - НАИМЕНОВАНИЕ ОРГАНИЗАЦИИ - АЛЬТЕРНАТИВНАЯ ОТВЕТСТВЕННОСТЬ
Начальный элемент ввода Всероссийский электротехнический съезд
Порядковый номер временной организации и / или порядковый номер ее части 3
Дата проведения временной организации 1903-1904
Место проведения временной организации Петербург
Идентификатор авторитетной/нормативной записи RU\NLR\AUTH\8810221300
Системный номер авторитетной/нормативной записи 327569
852 ## - МЕСТОНАХОЖДЕНИЕ И ШИФР ХРАНЕНИЯ
Идентификатор организации NLR
Шифр хранения (Call Number) 34.3.2.161(2)
942 ## - ДОПОЛНИТЕЛЬНЫЕ ЭЛЕМЕНТЫ ЗАПИСИ (АБИС)
Тип экземпляра АБИС Книга
980 ## - КОЛЛЕКЦИЯ
Название коллекции Национальная библиография

Нет доступных экземпляров.